书目信息 |
| 题名: |
中国特色社会主义生态文化建设论
|
|
| 作者: | 赖章盛 , 胡小玉 著 | |
| 分册: | ||
| 出版信息: | 北京 中国社会科学出版社 2018 |
|
| 页数: | 365页 | |
| 开本: | 24cm | |
| 丛书名: | ||
| 单 册: | ||
| 中图分类: | G122 , X321.2 | |
| 科图分类: | ||
| 主题词: | 文化生态学--wen hua sheng tai xue--研究--中国 | |
| 电子资源: | ||
| ISBN: | 978-7-5203-3324-5 | |
| 000 | 01836nam0 2200289 450 | |
| 001 | 012001002812 | |
| 005 | 20131031092259.0 | |
| 010 | @a978-7-5203-3324-5@dCNY98.00 | |
| 099 | @aCAL 012019006112 | |
| 100 | @a20181116d2018 em y0chiy50 ea | |
| 101 | 0 | @achi |
| 102 | @aCN@b110000 | |
| 105 | @ay a 000yy | |
| 106 | @ar | |
| 200 | 1 | @a中国特色社会主义生态文化建设论@Azhong guo te se she hui zhu yi sheng tai wen hua jian she lun@f赖章盛, 胡小玉著 |
| 210 | @a北京@c中国社会科学出版社@d2018 | |
| 215 | @a365页@d24cm | |
| 320 | @a有书目 (第356-365页) | |
| 330 | @a在生态文明视域下,如何加强作为中国特色社会主义文化重要组成部分的生态文化建设,在中国当代应当建设什么样的生态文化以及怎样建设生态文化,才能为我国走向生态文明新时代提供坚实的文化支撑?本书围绕着中国特色社会主义文化与生态文化有什么样的关系和互动作用——建设中国特色社会主义生态文化应遵循哪些原则——中国特色社会主义生态文化应具有哪些秉赋与规定性——如何在中国特色社会主义文化发展中建设生态文化这一主线展开研究,揭示了文化与文明、生态文化建设与生态文明建设、中国特色社会主义文化与生态文化的相互关系和相互作用;论述中国特色生态文化建设必须坚持马克思主义的指导地位和社会主义先进文化方向、坚持中华民族生态文化的主体地位和大众化方向;阐明中国当代生态文化要突出民族特色必须传承中国优秀传统文化的基因,进而揭示中国传统生态智慧的基本精神、独特魅力和当代价值,并探讨怎样实现中国传统生态智慧的时代转换和创新发展等。最后探讨了中国特色生态文化系统构建问题。本书为当下中国特色社会主义文化建设和生态文化建设研究提供了新视角、新思路,也拓展了文化研究与生态文化研究的理论空间。 | |
| 333 | @a文化生态学研究者及相关读者。 | |
| 606 | 0 | @a文化生态学@Awen hua sheng tai xue@x研究@y中国 |
| 690 | @aG122@v5 | |
| 690 | @aX321.2@v5 | |
| 701 | 0 | @a赖章盛@Alai zhang sheng@4著 |
| 701 | 0 | @a胡小玉@Ahu xiao yu@4著 |
| 801 | @b江苏凤凰@c20191020 | |
| 905 | @b1230736-41@dG122@e241@f6 | |
| 中国特色社会主义生态文化建设论/赖章盛, 胡小玉著.-北京:中国社会科学出版社,2018 |
| 365页;24cm |
| 使用对象:文化生态学研究者及相关读者。 |
| ISBN 978-7-5203-3324-5:CNY98.00 |
| 在生态文明视域下,如何加强作为中国特色社会主义文化重要组成部分的生态文化建设,在中国当代应当建设什么样的生态文化以及怎样建设生态文化,才能为我国走向生态文明新时代提供坚实的文化支撑?本书围绕着中国特色社会主义文化与生态文化有什么样的关系和互动作用——建设中国特色社会主义生态文化应遵循哪些原则——中国特色社会主义生态文化应具有哪些秉赋与规定性——如何在中国特色社会主义文化发展中建设生态文化这一主线展开研究,揭示了文化与文明、生态文化建设与生态文明建设、中国特色社会主义文化与生态文化的相互关系和相互作用;论述中国特色生态文化建设必须坚持马克思主义的指导地位和社会主义先进文化方向、坚持中华民族生态文化的主体地位和大众化方向;阐明中国当代生态文化要突出民族特色必须传承中国优秀传统文化的基因,进而揭示中国传统生态智慧的基本精神、独特魅力和当代价值,并探讨怎样实现中国传统生态智慧的时代转换和创新发展等。最后探讨了中国特色生态文化系统构建问题。本书为当下中国特色社会主义文化建设和生态文化建设研究提供了新视角、新思路,也拓展了文化研究与生态文化研究的理论空间。 |
| ● |
| 相关链接 |
|
|
|
|
正题名:中国特色社会主义生态文化建设论
索取号:G122/241
 
预约/预借
| 序号 | 登录号 | 条形码 | 馆藏地/架位号 | 状态 | 备注 |
| 1 | 1230736 | 212307369 | 第一样本阅览室/ [索取号:G122/241] | 在馆 | |
| 2 | 1230737 | 212307378 | 教育系资料室/ [索取号:G122/241] | 在馆 | |
| 3 | 1230738 | 212307387 | 教育系资料室/ [索取号:G122/241] | 在馆 | |
| 4 | 1230739 | 212307396 | 教育系资料室/ [索取号:G122/241] | 在馆 | |
| 5 | 1230740 | 212307403 | 第四借阅区/ [索取号:G122/241] | 在馆 | |
| 6 | 1230741 | 212307412 | 第四借阅区/ [索取号:G122/241] | 在馆 |